<La> revue des sciences commerciales

Salvato in:
Dettagli Bibliografici
Natura: Libro
Lingua:francese
Pubblicazione: Alger Institut National de Commerce INC 2003
Soggetti:
Tags: Aggiungi Tag
Nessun Tag, puoi essere il primo ad aggiungerne!!

MARC

LEADER 00000nam$a2200000$$$4500
001 0086187
005 20230109135620.9
022 |a 1012-3818 
041 0 |a fre 
245 1 0 |a <La> revue des sciences commerciales 
264 1 |a Alger  |b Institut National de Commerce INC  |c 2003 
300 |a 87 s. 
610 2 0 |a obchod 
610 2 0 |a veda ekonomická 
610 2 0 |a urbanizácia 
610 2 0 |a informácie obchodno-ekonomické 
610 2 0 |a kríza 
610 2 0 |a komunikácia 
610 2 0 |a riadenie ľudských zdrojov 
610 2 0 |a rozvoj hospodársky 
610 2 0 |a manažment 
610 2 0 |a marketing 
610 2 0 |a produkcia 
610 2 0 |a Alžírsko